|
|
|
|
| LEADER |
00000nab a2200000 4500 |
| 001 |
vtls012265993 |
| 003 |
SK-MaSNL |
| 005 |
20260318114732.0 |
| 008 |
241024c2021 xo er|n || ||00 c0ukr |
| 015 |
|
|
|a SNBRB2024/10
|
| 038 |
|
|
|a SVKPOCL
|
| 040 |
|
|
|a SVKPOCL
|b slo
|c SVKPOCL
|e rda
|
| 041 |
0 |
|
|a ukr
|
| 043 |
|
|
|a e-xo---
|
| 044 |
|
|
|a xo
|c SK
|
| 072 |
|
7 |
|a 82
|x Literatúra. Literárny život
|2 konspekt
|
| 072 |
|
7 |
|a 821.161.09
|x Východoslovanské literatúry (o nich)
|2 konspekt
|
| 072 |
|
7 |
|a 82:06
|x Literárne organizácie, súťaže
|2 konspekt
|
| 080 |
|
|
|a 821.161.2-1-055.2
|2 2011
|
| 080 |
|
|
|a 82:061
|2 2011
|
| 080 |
|
|
|a 82.92-055.2
|2 2011
|
| 080 |
|
|
|a 82(091)-055.2
|2 2011
|
| 080 |
|
|
|a 027.53
|2 2011
|
| 080 |
|
|
|a (437.6)
|2 2011
|
| 110 |
2 |
|
|a Redakcia novín Učiteľské noviny
|4 aut
|9 1598794
|
| 245 |
0 |
0 |
|a Šŷte nytkov babynoho l'ita
|c [autor] Učiteľské noviny ; (Kor. [autor] AK)
|
| 300 |
|
|
|b Fotografie
|
| 336 |
|
|
|a text
|b txt
|2 rdacontent
|
| 337 |
|
|
|a bez média
|b n
|2 rdamedia
|
| 338 |
|
|
|a zväzok
|b nc
|2 rdacarrier
|
| 500 |
|
|
|a V rubrike Informačnŷj servis Z domova i zo svita
|
| 600 |
1 |
7 |
|a Morochovičova Cvyk, Kveta,
|d 1946-
|2 SNKMA
|9 54303
|
| 600 |
1 |
7 |
|a Morochovičová Cvyk, Kveta,
|d 1946-
|t Šŷte nytkov babynoho l'ita = Šite niťou babieho leta = A vénasszonyok nyara selyemszálával varra
|f (2019)
|2 svkpocl
|9 1598795
|
| 600 |
1 |
7 |
|a Chrenka, Edita G.,
|d 1936-
|2 SNKMA
|9 1598796
|
| 600 |
1 |
7 |
|a Morochovič, Pavel
|2 svkpocl
|9 1598797
|
| 600 |
1 |
7 |
|a Feldinszká, Mária
|2 svkpocl
|9 1598798
|
| 610 |
2 |
7 |
|a Literárny klub GENERÁCIE (Nové Zámky, Slovensko)
|2 svkpocl
|9 761782
|
| 610 |
2 |
7 |
|a Knižnica Antona Bernoláka (Nové Zámky, Slovensko)
|2 SNKKA
|9 33808
|
| 648 |
|
7 |
|a 28.8.2021
|2 svkpocl
|9 1598799
|
| 650 |
0 |
7 |
|a rusínske spisovateľky
|2 svkpocl
|9 1094578
|
| 650 |
0 |
7 |
|a rusínska literatúra
|2 SNKPH
|9 1293
|
| 650 |
0 |
7 |
|a osobnosti
|2 SNKPH
|9 29820
|
| 650 |
0 |
7 |
|a rodáci
|2 SNKPH
|9 30842
|
| 650 |
0 |
7 |
|a literárne kluby
|2 SNKPH
|9 29112
|
| 650 |
0 |
7 |
|a literárna história
|2 SNKPH
|9 1136
|
| 650 |
0 |
7 |
|a rusinistika
|2 SNKPH
|9 90871
|
| 650 |
0 |
7 |
|a rusínske poetky
|2 SNKPH
|9 1598627
|
| 651 |
|
7 |
|a Nové Zámky (Slovensko)
|2 SNKPHgeo
|9 15884
|
| 651 |
|
7 |
|a Pčoliné (Slovensko)
|2 SNKPHgeo
|9 23795
|
| 651 |
|
7 |
|a Slovensko
|2 SNKPHgeo
|9 14231
|
| 700 |
1 |
|
|a Kuzmiaková, Anna,
|d 1949-
|4 aut
|4 crr
|9 210981
|
| 773 |
0 |
|
|t NN info Rusyn
|g Roč. XVIII (30), č. 17 (2021), s. 4
|x 2454-0013
|
| 852 |
|
|
|a SVKPO
|b KIS3GCP
|
| 958 |
|
|
|a LX
|
| 958 |
|
|
|a RN
|
| 958 |
|
|
|a BX
|
| 958 |
|
|
|a NM
|
| 958 |
|
|
|a SS
|
| 999 |
|
|
|c 3288213
|d 3290143
|